Curso de historia general: adoptado para la enseñanza del ramo y arreglado conforme al programa universitario de 30 de Noviembre de 1914
Uloženo v:
| Hlavní autor: | |
|---|---|
| Médium: | Kniha |
| Jazyk: | španělština |
| Vydáno: |
Santiago
Artes y Letras
1925
|
| Vydání: | 9a. ed |
| Témata: | |
| Tagy: |
Přidat tag
Žádné tagy, Buďte první, kdo vytvoří štítek k tomuto záznamu!
|
MARC
| LEADER | 00000nam a2200000 a 4500 | ||
|---|---|---|---|
| 001 | UCZ8661 | ||
| 003 | CL-VaPUC | ||
| 008 | 960125e19250000CL |||||||||||||||||spa|d | ||
| 082 | 0 | 4 | |a 372.89 |b BAR |2 21 |
| 100 | 0 | |a Barros Borgoño, Luis |e author |9 354035 | |
| 245 | 1 | 0 | |a Curso de historia general: adoptado para la enseñanza del ramo y arreglado conforme al programa universitario de 30 de Noviembre de 1914 |
| 250 | |a 9a. ed | ||
| 300 | |a v | ||
| 942 | |c BK | ||
| 945 | |d 19960125 00:00:00 |a cmena | ||
| 260 | |a Santiago |b Artes y Letras |c 1925 | ||
| 650 | 0 | |a Historia |9 255047 | |
| 650 | 0 | |a Historia y estudios conexos |9 338055 | |
| 650 | 0 | |a Currículo |9 307290 | |
| 651 | 7 | |a CHILE |2 CL-VaPUC |9 354036 | |
| 583 | |a last modification |c 19960125 00:00:00 |k Rodrigo Vera | ||
| 999 | |c 244513 |d 244511 | ||
| 952 | |0 0 |1 0 |4 0 |6 372_890000000000000_BAR_1925 |7 0 |8 P |9 258598 |a BIBEDU |b BIBEDU |c BIBEDU_PB |d 2019-11-19 |h v.2 |i 1619209 |o 372.89 BAR 1925 |p 1619209 |r 2024-01-25 |w 2019-11-19 |y BK |k EDU | ||